000 01053nam0a2200337 4500
001 RU\NLR\BIBL_A\011545840
005 20260406150230.0
010 _a9785990966864
_9100
021 _aRU
_b2017-86280
_96165
035 _a(RuMoRGB)009453124
035 _a(NLR Aleph) 011545840
090 _a12219085
_c12219085
100 _a20171204d2017 u y0rusy50 ca
101 0 _arus
102 _aRU
105 _ay z 000g
200 1 _aПленительный Аруз
_eразговор с Хайямом
_fГеоргий Белый
210 _aМосква
_cКим Л. А.
_d2017
215 _a111 с.
_cил.
_d15
300 _aЗагл. корешка: Рубаи
516 1 _aРубаи
686 _aШ5(2=Р)64-653
_2rubbk
686 2 _aШ6(2=Р)8-5
700 1 _aБелый
_bГ.
_gГеоргий
702 0 _4570
_8rus
_7ca
_aОмар Хайям
_f1048-1131
_3RU\NLR\AUTH\774823
_9114798
942 _cBOOK
980 _aNBR